000 00461nam a2200193 a 4500
001 1754983874596
003 ACL
005 20250812130359.0
008 250812s1955##################000#0#eng##
020 _a9780486202006
082 0 4 _a709.73
_bMUM
100 1 _aMumford, Lewis,
_eauthor.
245 1 0 _aThe Brown Decades :
260 _bCourier Corporation,
_c1955.
300 _a180 pages
650 0 _aArt.
942 _cENGLISH
040 _aACL
_beng
_cACL
999 _c581273
_d581273